000
00309nam a2200157Ia 4500
100
_a
IMS
650
_a
General
942
_c
BK
654
_a
personal interview
245
_a
The Personal interview
260
_b
IMS
_c
2004
082
_a
658.402
_b
IMS
300
_a
76
546
_a
ENGLISH
999
_c
19202
_d
19202